La kryptonite nella borsa /

Đã lưu trong:
Chi tiết về thư mục
Tác giả chính: Catalano, Pasquale (Nhà soạn nhạc)
Tác giả khác: Rampoldi, Ludovica (Người viết kịch bản), Golino, Valeria (Diễn viên), Cotroneo, Ivan (Giám đốc, Người viết kịch bản), De Rienzo, Libero (Diễn viên), Bigazzi, Luca (Nhiếp ảnh gia), Rametta, Monica (Người viết kịch bản), Zingaretti, Luca (Diễn viên), Capotondi, Cristiana (Diễn viên)
Định dạng: Slide
Ngôn ngữ:Tiếng Italy
Được phát hành: [Roma] : Luckyred home video, Rai Cinema ; ©2012
Các nhãn: Thêm thẻ
Không có thẻ, Là người đầu tiên thẻ bản ghi này!

MARC

LEADER 00000ngm a22000007i 4500
001 IT\ICCU\TSA\1360373
003 ItRI
005 20260124182856.0
008 120517s2012 it |||||||||||||||k|||||c
024 3 1 |a 8032807040462 
028 4 2 |a 04044  |b versione noleggio 
028 4 2 |a 04046 
040 |b ita 
041 7 |a ita  |2 ISO-639-2 
082 |a 791.43  |9 CINEMA  |2 19 
130 3 |a La kryptonite nella borsa <film ; 2011>  |3 IT\ICCU\TSA\1360374 
245 0 3 |a La kryptonite nella borsa /  |c un film di Ivan Cotroneo ; [con] Valeria Golino ... [et al.] ; [musiche Pasquale Catalano ; soggetto e sceneggiatura Ivan Cotroneo, Monica Rametta, Ludovica Rampoldi ; tratto dal romanzo omonimo di Ivan Cotroneo ; fotografia Luca Bigazzi]. 
260 |a [Roma] :  |b Rai Cinema ;  |a Luckyred home video,  |c ©2012 
300 |a 1 DVD video (circa 99 min.) :  |b color., sonoro 
500 |a Titolo del contenitore 
500 |a Produzione cinematografica Italia 2011 
500 |a Sottotitoli: italiano per non udenti, inglese 
500 |a Altri interpreti: Cristiana Capotondi, Luca Zingaretti, Libero de Rienzo, Luigi Catani 
500 |a Caratteristiche tecniche: regione 2; PAL; video 2.35:1, 16/9; audio Dolby digital 5.1 
500 |a Contenuti extra: scene tagliate, backstage, interviste, provino Luigi Catani, foto, trailer, commento audio, contributi musicali, video clip These boots are made for walking dei Planet Funk. 
700 1 |a Rampoldi, Ludovica  |0 IT\ICCU\LO1V\368530  |4 sce 
700 1 |a Golino, Valeria  |0 IT\ICCU\RAVV\089850  |4 act 
700 1 |a Cotroneo, Ivan  |0 IT\ICCU\RAVV\092620  |4 drt 
700 1 |a Cotroneo, Ivan  |0 IT\ICCU\RAVV\092620  |4 sce 
700 1 |a De Rienzo, Libero  |0 IT\ICCU\RAVV\341310  |4 act 
700 1 |a Bigazzi, Luca  |0 IT\ICCU\RMSV\044556  |4 pht 
700 1 |a Rametta, Monica  |0 IT\ICCU\UBOV\020000  |4 sce 
700 1 |a Zingaretti, Luca  |0 IT\ICCU\UBOV\544816  |4 act 
700 1 |a Catalano, Pasquale  |0 IT\ICCU\UBOV\783848  |4 cmp 
700 1 |a Capotondi, Cristiana  |0 IT\ICCU\UBOV\973257  |4 act 
942 |2 ddc  |c VM  |n 0 
952 |0 0  |1 0  |4 0  |6 VO_2000_000000000000000  |7 0  |9 27398  |a BO  |b BO  |d 2026-01-24  |i 16781  |l 0  |o VO 2000  |p BO16781  |r 2026-01-24 18:28:56  |w 2026-01-24  |x [Sebina 7] [1 dvd]  |y VM  |z 1 dvd 
999 |c 23207  |d 23207